[Event "Guernsey International Holiday 2016"]
[Site "Guernsey, GCI"]
[Date "2016.10.20"]
[Round "5"]
[White "Goman, Colin"]
[Black "Turner, David J"]
[Result "1/2-1/2"]
[WhiteElo "1734"]
[BlackElo "1793"]
[PlyCount "98"]
[EventDate "2016.10.16"]
[EventType "swiss"]
[EventRounds "6"]

1. d4 Nf6 2. c4 c5 3. Nf3 g6 4. Nc3 Bg7 5. e3 O-O 6. Bd3 Nc6 7. d5 Nb4 8. a3
Nxd3+ 9. Qxd3 d6 10. h3 a6 11. O-O b5 12. e4 Nd7 13. Ra2 bxc4 14. Qxc4 a5 15.
b4 Nb6 16. Qb3 axb4 17. axb4 cxb4 18. Rxa8 Nxa8 19. Qxb4 Qb6 20. Qa3 Bd7 21.
Be3 Qd8 22. Rb1 Qc8 23. Ne2 Qc2 24. Rb7 Qc8 25. Qb3 Ba4 26. Qb4 Bd1 27. Ned4
Bxf3 28. Nxf3 Re8 29. Ba7 Nc7 30. Rb8 Qa6 31. Rxe8+ Nxe8 32. Bd4 Qa8 33. Bxg7
Kxg7 34. Qc3+ Nf6 35. Kh2 h6 36. Nd2 Qa7 37. Kg3 Kh7 38. Kf3 Nd7 39. Nf1 Nc5
40. Qe3 Qa4 41. Ng3 Qd1+ 42. Qe2 Qd4 43. Qe3 Qe5 44. Qf4 Qc3+ 45. Qe3 Qf6+ 46.
Qf4 Kg7 47. Ne2 Qb2 48. Qe3 Qe5 49. Qd4 Qf6+ 1/2-1/2

[Event "Guernsey International Holiday 2016"]
[Site "Guernsey, GCI"]
[Date "2016.10.20"]
[Round "5"]
[White "Kirk, Matthew"]
[Black "Ruigrok, Jacques"]
[Result "1/2-1/2"]
[WhiteElo "1791"]
[BlackElo "1559"]
[PlyCount "68"]
[EventDate "2016.10.16"]
[EventType "swiss"]
[EventRounds "6"]

1. d4 Nf6 2. c4 e6 3. Nf3 b6 4. a3 Bb7 5. Nc3 Be7 6. Qc2 d6 7. e4 Nbd7 8. Be2
e5 9. d5 O-O 10. O-O c6 11. h3 cxd5 12. cxd5 Rc8 13. Be3 Nc5 14. Nd2 Ne8 15.
Rac1 Bg5 16. Bxg5 Qxg5 17. b4 Na6 18. Nf3 Qd8 19. Qa4 Nec7 20. Nd2 Ra8 21. Nb3
Nb8 22. Nd2 Ba6 23. Bxa6 Nbxa6 24. Nc4 f5 25. exf5 Rxf5 26. Ne4 b5 27. Qa5 bxc4
28. Rxc4 Rc8 29. Rfc1 Rf8 30. b5 Nc5 31. Nxc5 dxc5 32. Rxc5 Nxd5 33. Qxd8 Rcxd8
34. Re1 Rfe8 1/2-1/2

[Event "Guernsey International Holiday 2016"]
[Site "Guernsey, GCI"]
[Date "2016.10.20"]
[Round "5"]
[White "Thackray, Ian M"]
[Black "Rowe, Oliver"]
[Result "1/2-1/2"]
[WhiteElo "1765"]
[BlackElo "1585"]
[PlyCount "70"]
[EventDate "2016.10.16"]
[EventType "swiss"]
[EventRounds "6"]

1. e4 d5 2. exd5 Qxd5 3. Nc3 Qd6 4. d4 Nf6 5. Nge2 c6 6. a3 Bg4 7. h3 Bf5 8.
Bf4 Qd8 9. Ng3 Bg6 10. Be2 e6 11. O-O Bd6 12. Bxd6 Qxd6 13. Bf3 Na6 14. Nce4
Nxe4 15. Bxe4 Bxe4 16. Nxe4 Qd7 17. c3 O-O-O 18. Qf3 Nc7 19. a4 Rdf8 20. b4 Qd5
21. Qe2 Rd8 22. Nc5 Rhe8 23. Rfe1 Kb8 24. b5 cxb5 25. axb5 Rd6 26. Qf1 e5 27.
Rxe5 Rxe5 28. dxe5 Qxe5 29. Qc4 Qd5 30. Qb4 Rg6 31. g3 Qd6 32. Qc4 Rxg3+ 33.
fxg3 Qxg3+ 34. Kf1 Qf3+ 35. Ke1 Qe3+ 1/2-1/2

[Event "Guernsey International Holiday 2016"]
[Site "Guernsey, GCI"]
[Date "2016.10.20"]
[Round "5"]
[White "Nalichowski, Bogdan"]
[Black "Finch, Russell"]
[Result "0-1"]
[WhiteElo "1380"]
[BlackElo "1742"]
[PlyCount "96"]
[EventDate "2016.10.16"]
[EventType "swiss"]
[EventRounds "6"]

1. e4 c5 2. Nf3 d6 3. Nc3 Nf6 4. Bc4 e6 5. d3 Be7 6. e5 dxe5 7. Nxe5 O-O 8. O-O
a6 9. a3 Nbd7 10. Nxd7 Bxd7 11. Qf3 Bc6 12. Ne4 Kh8 13. Re1 Bd5 14. Bg5 Nxe4
15. Bxe7 Qxe7 16. Bxd5 exd5 17. dxe4 Rae8 18. e5 Qe6 19. a4 b6 20. c3 f6 21.
Rad1 d4 22. cxd4 cxd4 23. Qb7 fxe5 24. Qxa6 Qf6 25. Re2 Ra8 26. Qb5 Ra5 27. Qb4
Rc8 28. Red2 Rac5 29. Qb3 Qg6 30. Rd3 Rc2 31. Kf1 Qg4 32. Re1 Qh4 33. Rf3 Qxh2
34. Rf8+ Rxf8 35. Qxc2 Qh1+ 36. Ke2 Qxg2 37. Rf1 Qg4+ 38. Ke1 Rc8 39. Qd2 Qe4+
40. Kd1 Qf3+ 41. Ke1 d3 42. Qe3 Rc1+ 43. Kd2 Qxe3+ 44. Kxe3 Rxf1 45. Kxd3 Rxf2
46. b4 Ra2 47. Kc4 Rxa4 48. Kb5 Rxb4+ 0-1

[Event "Guernsey International Holiday 2016"]
[Site "Guernsey, GCI"]
[Date "2016.10.20"]
[Round "5"]
[White "Colsen, Manuel"]
[Black "Glover, John"]
[Result "1-0"]
[WhiteElo "1696"]
[BlackElo "1826"]
[PlyCount "81"]
[EventDate "2016.10.16"]
[EventType "swiss"]
[EventRounds "6"]

1. Nf3 Nf6 2. g3 c5 3. c4 g6 4. Bg2 Bg7 5. Nc3 Nc6 6. e4 d6 7. O-O O-O 8. d3 a6
9. a3 Rb8 10. Rb1 Ne8 11. Nd5 h6 12. b4 b5 13. bxc5 dxc5 14. Be3 Nd4 15. Nxd4
cxd4 16. Bd2 Nf6 17. Nxf6+ exf6 18. Bf4 Rb6 19. c5 Re6 20. Qc1 h5 21. c6 Qb6
22. c7 Rc6 23. Qb2 g5 24. e5 Rxc7 25. exf6 gxf4 26. fxg7 Kxg7 27. gxf4 Be6 28.
Qe2 Qc5 29. Kh1 Rfc8 30. Rg1 Kf8 31. Qe4 Bf5 32. Qe2 Bg6 33. Be4 Qd6 34. f5 Rc2
35. Qf3 Qf6 36. fxg6 Rxf2 37. Qxf6 Rxf6 38. g7+ Kg8 39. Bb7 Rc2 40. Rbe1 Rff2
41. Re8+ 1-0

[Event "Guernsey International Holiday 2016"]
[Site "Guernsey, GCI"]
[Date "2016.10.20"]
[Round "5"]
[White "Jones, Sidney A"]
[Black "Stuart, Brian"]
[Result "1/2-1/2"]
[WhiteElo "1472"]
[BlackElo "1705"]
[PlyCount "79"]
[EventDate "2016.10.16"]
[EventType "swiss"]
[EventRounds "6"]

1. d4 Nf6 2. c4 g6 3. Nf3 d5 4. Nc3 Bg7 5. e3 O-O 6. Bd3 c5 7. cxd5 Nxd5 8. Ne2
Nc6 9. O-O Bg4 10. Be4 cxd4 11. exd4 Bxf3 12. Bxf3 Qd7 13. Be3 Rfd8 14. Nc3
Nxe3 15. fxe3 e6 16. Bxc6 bxc6 17. Qf3 f5 18. Rad1 Qc7 19. Ne2 Rac8 20. h4 Qe7
21. g3 c5 22. b3 cxd4 23. exd4 Qd7 24. Qd3 Rc5 25. dxc5 Qxd3 26. Rxd3 Rxd3 27.
c6 Rd8 28. Rc1 Rc8 29. a4 Be5 30. b4 a6 31. b5 axb5 32. axb5 Bc7 33. Kg2 Kf7
34. Kf2 Ke7 35. Ra1 Rb8 36. Nd4 e5 37. Ra7 Kd6 38. Ne6 Kxe6 39. Rxc7 Rxb5 40.
Rxh7 1/2-1/2

[Event "Guernsey International Holiday 2016"]
[Site "Guernsey, GCI"]
[Date "2016.10.20"]
[Round "5"]
[White "Gibzinski, Stanislaw"]
[Black "Kershaw, Graham J"]
[Result "1/2-1/2"]
[WhiteElo "1384"]
[BlackElo "1687"]
[PlyCount "133"]
[EventDate "2016.10.16"]
[EventType "swiss"]
[EventRounds "6"]

1. c4 e6 2. Nf3 d5 3. e3 Nf6 4. g3 dxc4 5. Qa4+ Nbd7 6. Qxc4 b6 7. Bg2 Bb7 8.
O-O Be7 9. Nc3 O-O 10. b3 c5 11. Rd1 Rc8 12. Bb2 a6 13. Rac1 b5 14. Qd3 Qc7 15.
Qb1 Qb8 16. d3 Rfd8 17. e4 e5 18. Nh4 Nf8 19. Nf5 Re8 20. Qc2 Ne6 21. Nxe7+
Rxe7 22. Nd5 Nxd5 23. exd5 Nd4 24. Qd2 Qd6 25. Re1 Rce8 26. Qc3 Rc8 27. f4 Bxd5
28. Qb4 Bxg2 29. Bxd4 Qd5 30. Rxc5 Rxc5 31. Qxc5 Qb7 32. Rxe5 Bh3 33. Qd5 Qxd5
34. Rxd5 f6 35. Kf2 Rd7 36. Rxd7 Bxd7 37. Ke3 Kf7 38. Bc5 Ke6 39. Kd4 Bc6 40.
Bf8 g6 41. Kc5 Bd7 42. d4 a5 43. a3 a4 44. b4 Kf7 45. Bd6 Ke6 46. d5+ Kf5 47.
Be7 g5 48. fxg5 fxg5 49. Kd6 Be8 50. Kc7 g4 51. d6 Ke6 52. Kb6 Bd7 53. Kc5 h5
54. Kd4 Be8 55. Ke4 Bf7 56. Kf4 Be8 57. Ke3 Bd7 58. Kf2 Kd5 59. Ke3 Ke5 60. Kd3
Kd5 61. Kc3 Ke5 62. Kd2 Kd4 63. Bg5 Kc4 64. Kc2 Bf5+ 65. Kb2 Kd3 66. Bf4 Bd7
67. Bg5 1/2-1/2

[Event "Guernsey International Holiday 2016"]
[Site "Guernsey, GCI"]
[Date "2016.10.20"]
[Round "5"]
[White "Beadle, John R"]
[Black "Harnden, Terry"]
[Result "1-0"]
[WhiteElo "1522"]
[BlackElo "1368"]
[PlyCount "107"]
[EventDate "2016.10.16"]
[EventType "swiss"]
[EventRounds "6"]

1. e4 c5 2. Nf3 d6 3. d4 cxd4 4. Nxd4 Nf6 5. Nc3 g6 6. Be2 Bg7 7. O-O O-O 8.
Be3 Nc6 9. h3 a6 10. f4 e5 11. Nxc6 bxc6 12. fxe5 dxe5 13. Bc5 Re8 14. Qxd8
Rxd8 15. Be7 Rd2 16. Bxf6 Rxc2 17. Bxg7 Kxg7 18. Rab1 Rb8 19. Bc4 f5 20. Bb3
Rd2 21. Rfd1 Rd4 22. Bc2 Rbb4 23. a3 Rbc4 24. Bb3 Rc5 25. Rxd4 exd4 26. Na4 Rb5
27. Bc4 Ra5 28. Nb6 Bb7 29. exf5 Rxf5 30. Rf1 Kf6 31. g4 Rxf1+ 32. Kxf1 Ke5 33.
Kf2 Kf4 34. b3 g5 35. Bd3 h6 36. Nc4 c5 37. Nd6 Bd5 38. Bc4 Ke5 39. Nf5 Bxc4
40. bxc4 h5 41. Nh6 hxg4 42. Nxg4+ Ke4 43. Ke2 d3+ 44. Kd2 Kd4 45. Ne3 a5 46.
a4 Ke4 47. Nd1 Kf3 48. Kxd3 Kg3 49. Ke4 Kxh3 50. Ne3 Kg3 51. Kd5 Kf4 52. Nf1 g4
53. Kxc5 Kf3 54. Nh2+ 1-0

[Event "Guernsey International Holiday 2016"]
[Site "Guernsey, GCI"]
[Date "2016.10.20"]
[Round "5"]
[White "Sandercock, E Barry"]
[Black "Kerr, Matthew"]
[Result "1-0"]
[WhiteElo "1701"]
[BlackElo "1400"]
[PlyCount "65"]
[EventDate "2016.10.16"]
[EventType "swiss"]
[EventRounds "6"]

1. Nf3 c5 2. d3 Nc6 3. e4 g6 4. Nbd2 Bg7 5. c3 d6 6. g3 e5 7. Bg2 Nge7 8. O-O
O-O 9. a4 a5 10. Qe2 Bh6 11. Nc4 Bg7 12. Be3 b6 13. Qd2 Ba6 14. Bh6 f5 15. Bxg7
Kxg7 16. Rad1 h6 17. b3 Rf7 18. Ne1 f4 19. f3 Qf8 20. Nxd6 Rf6 21. Nc4 g5 22.
Nc2 fxg3 23. hxg3 Qf7 24. d4 exd4 25. cxd4 cxd4 26. Nxd4 Qh5 27. e5 Rff8 28.
Nxc6 Nxc6 29. Qd6 Bb7 30. e6 Qe8 31. Qd7+ Qe7 32. Qxe7+ Nxe7 33. Rd7 1-0

[Event "Guernsey International Holiday 2016"]
[Site "Guernsey, GCI"]
[Date "2016.10.20"]
[Round "5"]
[White "Newrick, William"]
[Black "Van Vliet, Ton"]
[Result "0-1"]
[WhiteElo "1225"]
[BlackElo "1596"]
[PlyCount "60"]
[EventDate "2016.10.16"]
[EventType "swiss"]
[EventRounds "6"]

1. d4 d5 2. Nf3 c6 3. e3 Bf5 4. c4 e6 5. Nc3 Nf6 6. cxd5 exd5 7. Bd3 Bg4 8. h3
Bh5 9. O-O Nbd7 10. e4 dxe4 11. Nxe4 Be7 12. Re1 O-O 13. Bg5 Bg6 14. Nxf6+ Bxf6
15. Bxg6 hxg6 16. Bxf6 gxf6 17. Qd2 Kg7 18. Qc3 Nb6 19. Rad1 Nd5 20. Qd2 Qd6
21. g3 Rh8 22. h4 Qd7 23. Ng5 fxg5 24. Qxg5 Qf5 25. Re5 Qxg5 26. Rxg5 f6 27.
Rg4 Rae8 28. Kg2 Re2 29. Kf3 Rxb2 30. Re1 Rxa2 0-1

[Event "Guernsey International Holiday 2016"]
[Site "Guernsey, GCI"]
[Date "2016.10.20"]
[Round "5"]
[White "Van Beek, Ronald E"]
[Black "Bennett, David"]
[Result "1/2-1/2"]
[WhiteElo "1297"]
[BlackElo "1405"]
[PlyCount "50"]
[EventDate "2016.10.16"]
[EventType "swiss"]
[EventRounds "6"]

1. d4 c5 2. c4 cxd4 3. Nf3 Nc6 4. Nxd4 e5 5. Nxc6 bxc6 6. e3 Nf6 7. Nc3 Bb4 8.
Bd2 O-O 9. Be2 Bb7 10. O-O Qc7 11. a3 Bd6 12. e4 Bc5 13. Bg5 Qd8 14. Bg4 Bc8
15. Qf3 Be7 16. Bxf6 Bxf6 17. Rfd1 d6 18. c5 Bxg4 19. Qxg4 Be7 20. b4 Qc7 21.
cxd6 Bxd6 22. Rac1 Rad8 23. Nd5 Qc8 24. Qxc8 Rxc8 25. Ne3 Be7 1/2-1/2

[Event "Guernsey International Holiday 2016"]
[Site "Guernsey, GCI"]
[Date "2016.10.20"]
[Round "5"]
[White "Brown, Jim"]
[Black "Foster, Paul"]
[Result "0-1"]
[WhiteElo "1195"]
[BlackElo "1645"]
[PlyCount "60"]
[EventDate "2016.10.16"]
[EventType "swiss"]
[EventRounds "6"]

1. Nf3 Nf6 2. e3 b6 3. Be2 Bb7 4. b3 e6 5. Bb2 Be7 6. d3 d5 7. Nbd2 Nbd7 8. a3
c5 9. O-O Qc7 10. h3 O-O 11. a4 Bd6 12. d4 Rac8 13. Ne5 Nxe5 14. dxe5 Bxe5 15.
Bxe5 Qxe5 16. Nf3 Qc7 17. Qd3 e5 18. Ng5 h6 19. h4 e4 20. Nxe4 dxe4 21. Qc3 Nd5
22. Qb2 Qe7 23. g3 Rcd8 24. c4 Nb4 25. Rad1 Nd3 26. Qc3 Ne5 27. h5 Nf3+ 28.
Bxf3 exf3 29. Rxd8 Rxd8 30. g4 Qg5 0-1

[Event "Guernsey International Holiday 2016"]
[Site "Guernsey, GCI"]
[Date "2016.10.21"]
[Round "6"]
[White "Van Hoek, Wim"]
[Black "Brooker, Chris H"]
[Result "1/2-1/2"]
[WhiteElo "1888"]
[BlackElo "1700"]
[PlyCount "47"]
[EventDate "2016.10.16"]
[EventType "swiss"]
[EventRounds "6"]

1. e3 e6 2. f4 f5 3. Nf3 Nf6 4. c4 Be7 5. Be2 O-O 6. O-O b6 7. Nc3 Bb7 8. b3 c5
9. d4 Na6 10. Ne5 Nc7 11. Bf3 d5 12. Bb2 Ne4 13. Ne2 Ne8 14. g4 N8f6 15. g5 Nd7
16. Ng3 Nxe5 17. dxe5 Qc7 18. Qc2 Rad8 19. Rad1 Rd7 20. Nxe4 dxe4 21. Rxd7 Qxd7
22. Rd1 Qc7 23. Be2 Re8 24. h4 1/2-1/2

[Event "Guernsey International Holiday 2016"]
[Site "Guernsey, GCI"]
[Date "2016.10.21"]
[Round "6"]
[White "Kirkwood, Robin"]
[Black "Baart, Edwin"]
[Result "1/2-1/2"]
[WhiteElo "1646"]
[BlackElo "1847"]
[PlyCount "55"]
[EventDate "2016.10.16"]
[EventType "swiss"]
[EventRounds "6"]

1. d4 Nf6 2. e3 d5 3. Bd3 g6 4. f4 Bg7 5. Nf3 Bg4 6. O-O Nbd7 7. h3 Bxf3 8.
Qxf3 e6 9. Nd2 c5 10. c3 O-O 11. g4 Ne8 12. Qg2 Rc8 13. Nf3 Nd6 14. Ne5 Nf6 15.
g5 Nfe4 16. Ng4 f5 17. gxf6 Nxf6 18. Nxf6+ Qxf6 19. Bd2 Qe7 20. Rae1 Qd7 21. h4
Kh8 22. Rf3 cxd4 23. exd4 Nf5 24. Qh3 Qf7 25. Kf2 Rce8 26. Rh1 Bf6 27. Bxf5
gxf5 28. Ke2 1/2-1/2

[Event "Guernsey International Holiday 2016"]
[Site "Guernsey, GCI"]
[Date "2016.10.21"]
[Round "6"]
[White "Gunn, Michael J"]
[Black "Dennis, Nigel W"]
[Result "0-1"]
[WhiteElo "1649"]
[BlackElo "1813"]
[PlyCount "76"]
[EventDate "2016.10.16"]
[EventType "swiss"]
[EventRounds "6"]

1. e4 c5 2. c3 d5 3. exd5 Qxd5 4. d4 Nf6 5. Nf3 e6 6. Bd3 Nc6 7. O-O a6 8. h3
Be7 9. Be3 c4 10. Bc2 b5 11. a3 O-O 12. Nbd2 e5 13. dxe5 Nxe5 14. Nxe5 Qxe5 15.
Nf3 Qc7 16. Qd4 Bb7 17. Bd1 Rad8 18. Qb6 Qxb6 19. Bxb6 Rd7 20. Be2 Nd5 21. Bd4
Nf4 22. Bd1 Nd3 23. Rb1 Bc5 24. Bxc5 Nxc5 25. Nd4 Re8 26. b3 cxb3 27. Bxb3 Nxb3
28. Rxb3 Kf8 29. Rc1 Rc7 30. Rb2 Rec8 31. Nxb5 axb5 32. Rxb5 Bc6 33. Rc5 Ba4
34. Rxc7 Rxc7 35. Kf1 Ke7 36. Ke2 Kd6 37. Kd3 Kc5 38. Re1 Rd7+ 0-1

[Event "Guernsey International Holiday 2016"]
[Site "Guernsey, GCI"]
[Date "2016.10.21"]
[Round "6"]
[White "Bakkes, Frits"]
[Black "Goris Schouwstra, Adry"]
[Result "0-1"]
[WhiteElo "1641"]
[BlackElo "1796"]
[PlyCount "38"]
[EventDate "2016.10.16"]
[EventType "swiss"]
[EventRounds "6"]

1. e4 e6 2. d4 d5 3. Nc3 Nf6 4. e5 Nfd7 5. f4 c5 6. Nf3 Nc6 7. Be3 cxd4 8. Nxd4
a6 9. Be2 Qc7 10. O-O g6 11. Kh1 Bg7 12. Bg4 Nb6 13. Nxc6 Qxc6 14. Bd4 Bd7 15.
Ne2 Qc7 16. Bc3 Nc4 17. Qd4 Rc8 18. b3 Na3 19. Ba5 Qxa5 0-1

[Event "Guernsey International Holiday 2016"]
[Site "Guernsey, GCI"]
[Date "2016.10.21"]
[Round "6"]
[White "Hoogakker, Peter"]
[Black "O'Connell, Denis"]
[Result "1-0"]
[WhiteElo "1789"]
[BlackElo "1694"]
[PlyCount "37"]
[EventDate "2016.10.16"]
[EventType "swiss"]
[EventRounds "6"]

1. e4 d5 2. Nc3 dxe4 3. Nxe4 Qd5 4. Ng3 e5 5. N1e2 Nc6 6. Nc3 Qd8 7. Bb5 Bd7 8.
O-O Nf6 9. Re1 Bd6 10. Bxc6 Bxc6 11. d4 Bb4 12. Rxe5+ Kf8 13. a3 Bd6 14. Re1
Nd5 15. Nce4 Nf6 16. Bg5 Be7 17. Nf5 Nd5 18. Nxe7 Nxe7 19. Nc5 1-0

[Event "Guernsey International Holiday 2016"]
[Site "Guernsey, GCI"]
[Date "2016.10.21"]
[Round "6"]
[White "Collins, Alan"]
[Black "Bateman, Kerry"]
[Result "1/2-1/2"]
[WhiteElo "1746"]
[BlackElo "1742"]
[PlyCount "31"]
[EventDate "2016.10.16"]
[EventType "swiss"]
[EventRounds "6"]

1. c4 Nf6 2. Nc3 e6 3. e4 d6 4. Nf3 g6 5. d3 Bg7 6. Be2 O-O 7. O-O Nc6 8. a3
Nd7 9. d4 Ne7 10. Bf4 b5 11. cxb5 a6 12. Qd2 Nb6 13. Rac1 Bb7 14. bxa6 Bxa6 15.
Bxa6 Rxa6 16. Qe2 1/2-1/2

[Event "Guernsey International Holiday 2016"]
[Site "Guernsey, GCI"]
[Date "2016.10.21"]
[Round "6"]
[White "Finch, Russell"]
[Black "Plug, Arjan"]
[Result "1/2-1/2"]
[WhiteElo "1742"]
[BlackElo "1852"]
[PlyCount "59"]
[EventDate "2016.10.16"]
[EventType "swiss"]
[EventRounds "6"]

1. d4 Nf6 2. Nf3 e6 3. Bf4 c5 4. c3 Qb6 5. Qb3 Qxb3 6. axb3 Nc6 7. e3 Be7 8.
Nbd2 O-O 9. Bd3 d5 10. h3 Bd7 11. O-O a6 12. Ne5 Na7 13. dxc5 Bxc5 14. b4 Be7
15. Nb3 Bb5 16. Bxb5 Nxb5 17. Nd4 Nd6 18. Bg5 Nc4 19. Nxc4 dxc4 20. Rfd1 h6 21.
Bh4 g5 22. Bg3 Rfd8 23. Kf1 Nd5 24. Ke2 Bf6 25. Nf3 Kg7 26. Be5 Bxe5 27. Nxe5
Nb6 28. Rxd8 Rxd8 29. Rd1 Rxd1 30. Kxd1 1/2-1/2

[Event "Guernsey International Holiday 2016"]
[Site "Guernsey, GCI"]
[Date "2016.10.21"]
[Round "6"]
[White "Jongerius, Marc"]
[Black "Colsen, Manuel"]
[Result "0-1"]
[WhiteElo "1637"]
[BlackElo "1696"]
[PlyCount "124"]
[EventDate "2016.10.16"]
[EventType "swiss"]
[EventRounds "6"]

1. e4 c6 2. d4 d5 3. Nc3 dxe4 4. Nxe4 Bf5 5. Ng3 Bg6 6. h4 h6 7. h5 Bh7 8. f4
e6 9. Nf3 Nd7 10. Bd3 Bxd3 11. Qxd3 Bd6 12. Bd2 Qc7 13. Ne5 Bxe5 14. fxe5 O-O-O
15. Qe2 Ne7 16. O-O-O Rhf8 17. Rdf1 c5 18. Ne4 Nf5 19. Nd6+ Nxd6 20. exd6 Qxd6
21. dxc5 Nxc5 22. Rd1 Qa6 23. Qxa6 Nxa6 24. Rhe1 Nc7 25. Bb4 Rxd1+ 26. Rxd1 Rd8
27. Rxd8+ Kxd8 28. c4 Ke8 29. Bd6 Kd7 30. c5 Ne8 31. Bf4 f6 32. b4 e5 33. Be3
a6 34. a4 Nc7 35. Kc2 Nd5 36. Bd2 Kc6 37. Kd3 f5 38. g3 Nf6 39. Bc3 e4+ 40. Ke3
Nxh5 41. g4 fxg4 42. Kxe4 Ng3+ 43. Ke3 g6 44. Be1 Nf5+ 45. Kf4 g3 46. Kg4 Kd5
47. Kf4 h5 48. Kf3 h4 49. Kg4 g2 50. Bf2 Kc4 51. b5 axb5 52. a5 Nd4 53. Kxh4
Kxc5 54. Kg3 Kc4 55. Kxg2 Nc6 56. Kf3 b4 57. Ke2 Nxa5 58. Kd2 Kb3 59. Kc1 Ka2
60. Be1 Nb3+ 61. Kc2 Nd4+ 62. Kd3 b3 0-1

[Event "Guernsey International Holiday 2016"]
[Site "Guernsey, GCI"]
[Date "2016.10.21"]
[Round "6"]
[White "Haisma, Henk"]
[Black "Goman, Colin"]
[Result "1-0"]
[WhiteElo "1836"]
[BlackElo "1734"]
[PlyCount "86"]
[EventDate "2016.10.16"]
[EventType "swiss"]
[EventRounds "6"]

1. f4 Nf6 2. Nf3 b6 3. e3 Bb7 4. Be2 e6 5. O-O Nc6 6. c4 Bd6 7. Nc3 Ne7 8. d3
Ng6 9. Nb5 Be7 10. e4 c6 11. Nc3 Qc7 12. e5 Ng8 13. a3 O-O-O 14. Qa4 Kb8 15. b4
f6 16. Ne4 fxe5 17. Nxe5 Nxe5 18. fxe5 Rf8 19. Be3 Rxf1+ 20. Rxf1 Ka8 21. d4
Bd8 22. Rf8 h6 23. Nd6 Bc8 24. Nf7 Be7 25. Rxc8+ Qxc8 26. Nxh8 Qe8 27. Qc2 g5
28. Qg6 Qf8 29. Bh5 Kb7 30. Qf7 Qd8 31. Ng6 Kc7 32. Bd1 a5 33. Bd2 axb4 34.
Nxe7 Nxe7 35. Bxb4 Nf5 36. d5 Kc8 37. dxe6 dxe6 38. Qxe6+ Qd7 39. Qxd7+ Kxd7
40. Bg4 Ke6 41. Bc3 h5 42. Bxf5+ Kxf5 43. Kf2 b5 1-0

[Event "Guernsey International Holiday 2016"]
[Site "Guernsey, GCI"]
[Date "2016.10.21"]
[Round "6"]
[White "Derrick, Neil"]
[Black "Foran, Barry"]
[Result "1/2-1/2"]
[WhiteElo "1829"]
[BlackElo "1394"]
[PlyCount "62"]
[EventDate "2016.10.16"]
[EventType "swiss"]
[EventRounds "6"]

1. d4 c6 2. c4 d5 3. Nc3 Nf6 4. Nf3 dxc4 5. a4 Bf5 6. e3 e6 7. Bxc4 Bb4 8. O-O
O-O 9. Qe2 Bg6 10. Ne5 Nbd7 11. Nxg6 hxg6 12. Rd1 Qa5 13. Bd2 Rfe8 14. Qe1 e5
15. Nb1 Bxd2 16. Qxd2 Qxd2 17. Rxd2 Nb6 18. Bb3 exd4 19. Rxd4 Rad8 20. Nc3 Rxd4
21. exd4 Rd8 22. Rd1 a5 23. Kf1 Nbd5 24. h3 Kf8 25. Re1 Nb4 26. Rd1 Nfd5 27. g3
f5 28. Nxd5 Nxd5 29. Ke2 Kf7 30. Kd3 Kf6 31. Bxd5 cxd5 1/2-1/2

[Event "Guernsey International Holiday 2016"]
[Site "Guernsey, GCI"]
[Date "2016.10.21"]
[Round "6"]
[White "Turner, David J"]
[Black "Beadle, John R"]
[Result "1/2-1/2"]
[WhiteElo "1793"]
[BlackElo "1522"]
[PlyCount "78"]
[EventDate "2016.10.16"]
[EventType "swiss"]
[EventRounds "6"]

1. Nf3 d5 2. g3 c5 3. Bg2 Nc6 4. d3 Bf5 5. O-O e6 6. Nbd2 Nf6 7. h3 h5 8. c4
Be7 9. a3 a5 10. b3 O-O 11. Bb2 Re8 12. Re1 Qd7 13. Ne5 Nxe5 14. Bxe5 Nh7 15.
Nf3 Ng5 16. Nxg5 Bxg5 17. e4 dxe4 18. f4 Be7 19. dxe4 Qxd1 20. Rexd1 Bh7 21.
Rd7 b6 22. Kf2 f6 23. Bc7 a4 24. Rb1 axb3 25. Rxb3 Ra4 26. Rc3 Ra7 27. Ke3 Bf8
28. Rd8 Rxd8 29. Bxd8 Rb7 30. Bf3 b5 31. cxb5 Rxb5 32. Bxh5 c4 33. Bd1 Rb2 34.
Rxc4 Rg2 35. Kf3 Rd2 36. Be2 Rxd8 37. a4 Rb8 38. a5 Rb4 39. a6 Rxc4 1/2-1/2

[Event "Guernsey International Holiday 2016"]
[Site "Guernsey, GCI"]
[Date "2016.10.21"]
[Round "6"]
[White "Norman, Dinah M"]
[Black "Kirk, Matthew"]
[Result "1/2-1/2"]
[WhiteElo "1732"]
[BlackElo "1791"]
[PlyCount "94"]
[EventDate "2016.10.16"]
[EventType "swiss"]
[EventRounds "6"]

1. d4 d5 2. Nf3 Nf6 3. e3 c6 4. c4 e6 5. Nc3 Nbd7 6. Qc2 Be7 7. Bd2 O-O 8. cxd5
exd5 9. Bd3 h6 10. h3 Re8 11. O-O Bd6 12. Rfe1 a6 13. a4 c5 14. Bf1 Nf8 15.
dxc5 Bxc5 16. Ne2 Ba7 17. Ned4 Ne4 18. Bb4 Ne6 19. Rad1 Nxd4 20. Nxd4 Qf6 21.
b3 Bd7 22. Qe2 Rac8 23. Qf3 Bxd4 24. Rxd4 Qxf3 25. gxf3 Ng5 26. Bg2 Nxh3+ 27.
Bxh3 Bxh3 28. Rxd5 Be6 29. Rd3 Rc2 30. Rb1 Rec8 31. Rd2 Rc1+ 32. Rxc1 Rxc1+ 33.
Kg2 Bxb3 34. a5 Rc4 35. Be7 Rc6 36. Rd6 Rxd6 37. Bxd6 f6 38. Bc7 Kf7 39. f4 f5
40. Bb6 Ke6 41. Kg3 g6 42. Bd4 Kd5 43. Bb6 Kc6 44. Kh4 Bd1 45. Kg3 Bc2 46. Kh4
Bb1 47. Kg3 Bd3 1/2-1/2

[Event "Guernsey International Holiday 2016"]
[Site "Guernsey, GCI"]
[Date "2016.10.21"]
[Round "6"]
[White "Ruigrok, Jacques"]
[Black "Thackray, Ian M"]
[Result "1/2-1/2"]
[WhiteElo "1559"]
[BlackElo "1765"]
[PlyCount "35"]
[EventDate "2016.10.16"]
[EventType "swiss"]
[EventRounds "6"]

1. e4 c5 2. d4 cxd4 3. c3 dxc3 4. Nxc3 e6 5. Nf3 Bb4 6. Bc4 Bxc3+ 7. bxc3 Qc7
8. Qd3 Nc6 9. O-O Nge7 10. a4 O-O 11. Ba3 Re8 12. Bd6 Qa5 13. Rfb1 a6 14. Rd1
Ng6 15. Bb3 Nge5 16. Nxe5 Nxe5 17. Qg3 f6 18. Bxe5 1/2-1/2

[Event "Guernsey International Holiday 2016"]
[Site "Guernsey, GCI"]
[Date "2016.10.21"]
[Round "6"]
[White "Rowe, Oliver"]
[Black "Kearsley, Raymond J"]
[Result "1/2-1/2"]
[WhiteElo "1585"]
[BlackElo "1736"]
[PlyCount "47"]
[EventDate "2016.10.16"]
[EventType "swiss"]
[EventRounds "6"]

1. d4 d5 2. Bf4 Bf5 3. e3 e6 4. Nf3 Nf6 5. c3 c6 6. Nbd2 Bd6 7. Be2 O-O 8. O-O
Qc7 9. Ne5 Nfd7 10. Nxd7 Nxd7 11. Bxd6 Qxd6 12. g4 Bg6 13. f4 f6 14. h4 e5 15.
f5 Bf7 16. Qe1 exd4 17. exd4 Rae8 18. Qf2 Qe7 19. Rae1 Qe3 20. Bd1 Qxf2+ 21.
Kxf2 Rxe1 22. Rxe1 Re8 23. Rxe8+ Bxe8 24. Nb3 1/2-1/2

[Event "Guernsey International Holiday 2016"]
[Site "Guernsey, GCI"]
[Date "2016.10.21"]
[Round "6"]
[White "Van Vliet, Ton"]
[Black "Nielsen, Jorgen Holmstrom"]
[Result "1-0"]
[WhiteElo "1596"]
[BlackElo "1797"]
[PlyCount "101"]
[EventDate "2016.10.16"]
[EventType "swiss"]
[EventRounds "6"]

1. e4 Nf6 2. Nc3 d5 3. exd5 Nxd5 4. Nf3 Bg4 5. Be2 e6 6. d4 Be7 7. O-O O-O 8.
Ne4 Nd7 9. Ng3 c6 10. h3 Bxf3 11. Bxf3 Qc7 12. c4 N5f6 13. Re1 Rfe8 14. a3 Rad8
15. Qc2 Nf8 16. Be3 Ng6 17. Red1 Nh4 18. Be2 Bd6 19. Nf1 Nf5 20. Rac1 Bf4 21.
Bf3 Bxe3 22. fxe3 h6 23. Qf2 Qe7 24. e4 Nd6 25. e5 Nfe4 26. exd6 Nxd6 27. Ng3
f5 28. Re1 g6 29. Qe2 Qh4 30. Qf2 Qg5 31. Nf1 f4 32. Re5 Qf6 33. Nd2 Nf7 34.
Re2 Rxd4 35. Rce1 Qd8 36. Be4 g5 37. Bg6 Re7 38. Bxf7+ Kxf7 39. c5 Red7 40. Ne4
R7d5 41. Nd6+ Rxd6 42. cxd6 Rxd6 43. Qxa7 Qc7 44. Qc5 b6 45. Qe5 Qd7 46. Qe4
Kf6 47. Qf3 Kg6 48. h4 Qe7 49. h5+ Kg7 50. Qe4 Kf8 51. Qg6 1-0